000 01051nam a2200277Ia 4500
001 Para_10240
003 CHAP
008 220125sOctu xx 000 0 und d
010 _a208926
040 _cCHAP
090 _aPA CD - TESIS 285
100 _aLicea Rubio, Miguel de Jesús
_9126600
245 _aResistencia de alpistillo Phalaris minor Retz, en el Municipio de Abasolo, Gto., a los herbicidas pinoxaden, flucarbazone-sodio y mesosulfuron + iodosulfuron /
_c Miguel de Jesús Licea Rubio. Director J. Antonio Tafoya Razo
260 _aChapingo, Méx. :
_b el autor
300 _a1 CDS ROM (50 p.)
502 _aTesis (Ing. Agr. Esp. en Parasitología Agrícola). UACh. Departamento Parasitología Agrícola
700 _aTafoya Razo, J. Antonio. Director
_9171337
710 _aUACh. Departamento Parasitología Agrícola
_9164025
901 _aPA CD - TESIS 285
902 _aM
905 _a513220Octubre, 2013 nm 8100000000 06
910 _aOctu
942 _cPARA
942 _cPARA
_d2
999 _c208926
_d208926